000 01077nam a22002297a 4500
005 20250827103336.0
008 240308b ||||| |||| 00| 0 eng d
082 _aDPer 621.317 Ie21 July 2022 v. 37 n. 7
100 _aBi, Kaitao.
_eauthor.
_954057
245 _aA model predictive controlled bidirectional four quadrant flying capacitor DC/DC converter applied in energy storage system /
_cKaitao Bi, Huayang Lv, Liang Chen, Jianfei Li, Yixin Zhu, Wentao Huang, and Qigao Fan.
260 _aNew York ;
_bThe Institute of Electrical and Electronics Engineers, Inc. ,
_cJuly 2022.
300 _avolume 37, pages 7705-7717 :
_billustration ;
_c28 cm.
500 _aIEEE Transactions on Power Electronics, vol. 37, no. 7, Pages 7705-7717, July 2022.
700 _aBi, Kaitao.
_eauthor.
_954057
700 _aLv, Huayang.
_eauthor.
_954058
700 _aChen, Liang.
_eauthor.
_954059
700 _aLi, Jianfei.
_eauthor.
_954060
700 _aZhu, Yixin.
_eauthor.
_954061
700 _aHuang, Wentao.
_eauthor.
_954062
700 _aFan, Qigao.
_eauthor.
_954063
942 _2ddc
_cPER
999 _c19540
_d19540